[Event "Bad Lauterberg Bohemia"]
[Site "Bad Lauterberg"]
[Date "1991.11.12"]
[Round "7"]
[White "Dautov, Rustem"]
[Black "Gruenberg, Hans Ulrich"]
[Result "1-0"]
[WhiteElo "2595"]
[BlackElo "2530"]
[Annotator "Dautov,R"]
[PlyCount "65"]
[EventDate "1991.11.05"]
[EventType "tourn"]
[EventRounds "11"]
[EventCountry "GER"]
[EventCategory "10"]
[SourceTitle "CBM 027"]
[Source "ChessBase"]
[SourceDate "1992.04.01"]
[SourceVersion "1"]
[SourceVersionDate "1992.04.01"]
[SourceQuality "1"]

1. d4 Nf6 2. c4 g6 3. Nf3 Bg7 4. g3 O-O 5. Bg2 c5 6. d5 e6 7. Nc3 exd5 8. cxd5
d6 9. O-O Na6 10. Bf4 (10. h3 Nc7 11. e4 $5 b5 12. e5 Nfe8 13. Re1 Bb7 14. exd6
Nxd6 15. Be3 Na6 16. Bg5 f6 17. Bf4 b4 18. Na4 Nf7 19. Re6 $1 Rc8 20. Rc1 $36 {
Furman,S-Pribyl,J/ URS 1971}) 10... Nc7 (10... Re8 11. Re1 Bg4 (11... Nc7 12.
e4 $1 Bg4 (12... Nh5 13. Bg5 f6 14. Bd2 b5 15. h3 Bf8 16. a3 a5 17. b4 $1 axb4
18. axb4 Rxa1 19. Qxa1 cxb4 20. Na2 f5 21. Nxb4 Rxe4 22. Rxe4 fxe4 23. Ng5 $16
{Lahav,E-Gruenfeld,Y,Tel-Aviv,1988}) 13. h3 Bxf3 14. Bxf3 Qd7 15. a4 (15. e5 $5
dxe5 16. Bxe5 Rad8 17. Qb3 $1 $16) 15... h6 16. Bg2 Nh5 17. Be3 b5 18. axb5
Nxb5 19. Qa4 a6 $13 {Barbero,G-Frias,V,Wijk-B,1991}) 12. h3 (12. e4 Nd7 $1 13.
Qb3 Bxf3 14. Bxf3 Ne5 15. Be2 Rb8 16. Nb5 $6 c4 $1 17. Qa3 Nc5 18. Be3 Ned3 $17
{Hausner,I-Razuvaev,Y,BL9091,Dortmund-Delmenhorst}) 12... Bxf3 13. Bxf3 Qd7 14.
e4 Rad8 15. Kg2 (15. g4 $5 {/\e5,/\g5}) 15... c4 $1 16. Be3 Nb4 17. Bxa7 Nd3
18. Re2 b5 19. Bd4 h5 20. a4 Nh7 21. Nxb5 Ng5 $40 {Adorjan,A-Romanishin,O/
Debrecen 1990}) 11. a4 (11. e4 $5 {Stohl} Bg4 12. Qd2 Bxf3 13. Bxf3 Nfe8 14. a3
Qe7 15. Rab1 a5 16. b4 $6 axb4 17. axb4 Ra3 18. Rfc1 Na6 19. bxc5 Nxc5 $132 {
VanHeste,J-Ligterink,G,NLD-ch Hilversum 1988}) 11... b6 $6 (11... Re8 $142 12.
Re1 (12. h3 $5 $13 Ne4 13. Nxe4 Rxe4 14. Nd2 Rb4 15. b3 Rxf4 $1 16. gxf4 Bxa1
17. Qxa1 Qh4 18. Qc3 Qxf4 19. e3 Qh4 20. e4 Qf4 21. b4 Na6 22. b5 Nb4 23. Nc4
$15 {Savchenko,V-Romanischin,O,URS-FL56,Simferopol,1988}) (12. Nd2 {Stohl} Nh5
13. Be3 b6 14. Nc4 Ba6 15. Qb3 Qd7 16. Bf3 Nf6 17. Bf4 Bxc4 18. Qxc4 a6 19. e4
b5 $36 {Moiseev,O-Shamkoivch,L,URS 1970}) 12... Ne4 13. Nxe4 Rxe4 14. Ra2 $5
Rb4 15. b3 $13) 12. e4 Bg4 (12... Nh5 13. Bg5 f6 14. Be3 f5 15. Bg5 $1 Bf6 (
15... Qd7 16. exf5 $16) 16. Bh6 Re8 17. exf5 Bxf5 18. h3 $14) 13. h3 (13. e5 $2
{Stohl} dxe5 14. Bxe5 Ncxd5 $17) 13... Bxf3 14. Bxf3 Nfe8 (14... Re8 15. Re1
$14 {/\e5}) (14... Qe7 $2 {Stohl /\Nd7} 15. e5 $16) 15. Qd2 $1 a6 16. Bg2 Rb8 (
16... b5 $2 17. axb5 axb5 18. Rxa8 Qxa8 19. e5 b4 20. Ne4 dxe5 21. Be3 $16) 17.
Bg5 $1 (17. Bh6 Bxh6 18. Qxh6 b5 19. axb5 axb5 20. b4 cxb4 21. Na2 $6 Na6 22.
Qd2 Qa5 $13) 17... Qd7 18. Bh6 Bxh6 (18... b5 $5 $14 {Stohl}) 19. Qxh6 f6 (
19... b5 20. axb5 axb5 21. b4 (21. e5 {Stohl} dxe5 22. Ne4 f5 (22... c4 23. Ra7
{/\d6+-}) 23. Nxc5 $16) 21... cxb4 22. Ne2 $16) 20. Qd2 Ng7 (20... f5 $5 {Stohl
} 21. exf5 Qxf5 $14 {/\Nf6<=>}) 21. f4 $16 Rbe8 (21... b5 $5 $14 {Stohl}) 22.
g4 $5 {פg7} Qd8 (22... Re7 $142 23. Rad1 Rfe8 24. Rfe1 $22 f5 25. gxf5 gxf5
26. e5 dxe5 27. d6 $18) (22... f5 23. exf5 gxf5 24. g5 $16) 23. Bf3 g5 (23...
b5 {Stohl} 24. axb5 axb5 25. b4 $1 $16) 24. Ne2 {/\b4} a5 $138 25. Bg2 Qe7 26.
Ng3 gxf4 $6 (26... Na6 27. Rae1 Nb4 28. fxg5 fxg5 29. Rxf8+ Rxf8 30. e5 dxe5
31. d6 $16) (26... h6 {Stohl} 27. Rf2 {/\Bf1-c4,Re1,e5->}) 27. Rxf4 Qe5 28.
Raf1 $40 Rc8 (28... Rf7 29. Qf2 (29. R1f2 $5 {/\Bf1}) 29... Ref8 30. h4 $40)
29. R1f2 c4 30. Nf5 $1 $18 Na6 (30... Nxf5 31. Rxf5 Qe7 32. g5 (32. Qh6 {Stohl}
Ne8 33. g5 Qg7 34. Qh4 $18) 32... Ne8 33. Qd4 $18) 31. g5 Nc5 (31... fxg5 $4 {
Stohl} 32. Nh6+) (31... Kh8 {Stohl} 32. Nxg7 Kxg7 33. gxf6+ $18) 32. Nh6+ Kh8
33. Rxf6 (33. Rxf6 {Stohl} Rxf6 (33... Qe7 34. Qf4 Rfe8 35. Nf7+ $18) 34. gxf6
{/\fg7,Nf7}) 1-0

[Event "Hastings Masters op 86th"]
[Site "Hastings"]
[Date "2011.01.02"]
[Round "6"]
[White "Howell, David"]
[Black "Edouard, Romain"]
[Result "0-1"]
[WhiteElo "2616"]
[BlackElo "2634"]
[Annotator "Edouard,R"]
[PlyCount "58"]
[EventDate "2010.12.28"]
[EventType "swiss"]
[EventRounds "9"]
[EventCountry "ENG"]
[SourceTitle "CBM 140"]
[Source "ChessBase"]
[SourceDate "2011.01.18"]
[SourceVersion "1"]
[SourceVersionDate "2011.01.18"]
[SourceQuality "1"]
[TimeControl "40/6000+30:20/3000+30:900+30"]

{After a rather slow start (2/3) I was back on board 1 (with 4/5) facing David
Howell, leading the tournament with maximum points.} 1. d4 Nf6 2. c4 e6 3. g3 {
Ok, g3 has been played... I decide to try a Benoni!} c5 4. d5 exd5 5. cxd5 d6
6. Nc3 g6 7. Bg2 Bg7 8. Nf3 O-O 9. O-O Nbd7 (9... Re8 {is the main -and
probably most clever- move order.}) 10. a4 b6 11. h3 Qe7 (11... Re8 {might be
better: I thought} 12. Bf4 {was annoying, but after} (12. Nd2 $5) 12... Ne4 $1
(12... Ba6 $5) 13. Nxe4 Rxe4 14. Bxd6 Ba6 15. Re1 Bxb2 16. Ra2 Nf6 {it looks
like Black is alright.}) 12. Re1 Ne4 $1 {It is important to exchange one pair
of knights before White can go e4. Otherwise my position will be stifled.} 13.
Nxe4 Qxe4 14. Bf4 Qe7 (14... Bxb2 $6 15. Bxd6 (15. Rb1 $5 Bc3 16. Bxd6 Re8 17.
Nd2 Qd4 18. Bf4 Ba6 19. e4 $36) 15... Bxa1 16. Qxa1 Re8 17. Bf4 {seemed very
dangerous for Black to me.}) 15. e4 Ne5 ({After} 15... Bxb2 16. Rb1 {I didn't
like any of the following lines:} (16. e5 $2 Nxe5 17. Nxe5 dxe5 18. d6 Qf6 19.
Bh6 Be6 $19) 16... Bg7 (16... Bc3 17. Re3 Be5 18. Nxe5 Nxe5 19. Bh6 Re8 {
[%cal Yf7f6]} 20. f4 Nc4 21. Re1 $44) (16... Be5 17. Nxe5 dxe5 18. Bh6 Rd8 19.
Bf1 $44) 17. e5 Nxe5 18. Nxe5 dxe5 19. d6 Qd8 20. Bxe5 Bxe5 21. Rxe5 $14 {
However, this might just hold.}) 16. Nxe5 Bxe5 17. Qd2 Re8 (17... Bxf4 $5 18.
Qxf4 f6 19. Qd2 Re8 {is given = by the computer. Indeed, Black is very solid.
It's not easy to see how White will breakthrough.}) 18. Ra3 $6 {The start of a
too optimistic and dubious plan.} (18. Bxe5 {was necessary, and I was aiming
to play} dxe5 19. Bf1 Bd7 {and in my opinon, White has no advantage here, even
though the computer disagrees due to the d5-passed pawn. I was thinking I
would put my queen on d6 and then sooner or later play either ...a6-...b5 or ..
.f5. Maybe White is slightly better, but I believe it is rather easy to play
for Black.}) 18... Bd7 19. b4 $6 {Once again too optimistic!} Bxf4 20. gxf4 Qf6
$1 21. Rb1 {An attack in the center would be kind of inneficient, so David
tries to find counterplay on the other part of the board...} (21. bxc5 bxc5 22.
Rf3 (22. Qe3 Rab8 23. e5 Qf5 24. Be4 Qh5 $17) 22... Rab8 23. e5 Qf5 $17) 21...
cxb4 22. Rxb4 Rac8 23. a5 b5 24. a6 Rc4 $2 {A tempting move, especially when
my opponent starts to lack time. However, this leaves White escape with some
kind of draw!} (24... Rc5 $15 {/-/+}) 25. Rxc4 {(=)} bxc4 26. Kh2 $2 {A bad
square, as the f4-pawn will be hanging with check.} (26. Qb4 $1 {would
equalize. A hard move to find in time trouble in my opinion!} Qxf4 (26... Rc8
$2 27. Qb7 Rc5 28. e5 $1 $18) 27. Rc3 $1 {and White escapes.} (27. Qxc4 $2 Rc8
$19)) 26... Bb5 $1 27. Ra5 $2 (27. Kg3 $1 {was the only way to justify 26.Kh2,
and after} Rc8 28. Qc3 {White is not losing at once.}) 27... c3 28. Qe3 c2 $1
29. Rxb5 $2 (29. e5 Bd3 (29... Bd7 $5) 30. Ra3 dxe5 31. Rxd3 Rc8 32. fxe5 Qf5
$19) 29... Qa1 {And my c-pawn queens. A very important victory for me!} 0-1

[Event "EU-ch 17th"]
[Site "Gjakova"]
[Date "2016.05.12"]
[Round "1"]
[White "Korchmar, Vasiliy"]
[Black "Ponomariov, Ruslan"]
[Result "0-1"]
[WhiteElo "2437"]
[BlackElo "2715"]
[Annotator "Fischer,J"]
[PlyCount "60"]
[EventDate "2016.05.12"]
[EventType "swiss"]
[EventRounds "11"]
[EventCountry "KOS"]
[SourceTitle "CBM 173"]
[Source "ChessBase"]
[SourceDate "2016.07.12"]
[SourceVersion "1"]
[SourceVersionDate "2016.07.12"]
[SourceQuality "1"]

1. d4 Nf6 2. c4 e6 3. g3 c5 4. d5 exd5 5. cxd5 d6 6. Nc3 g6 7. Bg2 Bg7 8. Nf3
O-O 9. O-O Nbd7 10. Bf4 Qe7 11. a4 b6 12. h3 Nh5 13. Bg5 f6 14. Bd2 f5 15. Ng5
f4 16. Ne6 fxg3 17. f4 $2 {[#]White seems to panic and weakens his kingside.} (
{It was better to be consistent and accept the offered exchange. After} 17.
Nxf8 Nxf8 {Black has wonderful pieces and a strong attack for the exchange but
White is definitely not lost.}) 17... Ndf6 18. Nxf8 {Now White takes the
exchange - but soon has a prize to pay for weakening his kingside with 17.f4?.}
Bxf8 19. e4 {[#]} Ng4 $1 {Black loses no time and wants to let his queen join
the attack as quickly as possible.} 20. hxg4 Qh4 21. Rf3 Bxg4 {Black is whole
rook down but he will win back his material with interest.} 22. Kf1 Bg7 23. Ke2
Rf8 24. Kd3 Bxf3 25. Bxf3 Nxf4+ 26. Kc2 g2 27. Bxf4 Rxf4 28. Bxg2 Rf2+ 29. Kb3
Rxg2 30. Qf1 Qg3 0-1

[Event "Interpolis-01"]
[Site "Tilburg"]
[Date "1977.09.29"]
[Round "6"]
[White "Sosonko, Gennadi"]
[Black "Smyslov, Vassily V"]
[Result "1/2-1/2"]
[WhiteElo "2530"]
[BlackElo "2595"]
[Annotator "Ftacnik,L"]
[PlyCount "81"]
[EventDate "1977.09.23"]
[EventType "tourn"]
[EventRounds "11"]
[EventCountry "NED"]
[EventCategory "14"]
[SourceTitle "MCL"]
[Source "ChessBase"]
[SourceDate "1999.07.01"]
[SourceVersion "1"]
[SourceVersionDate "1999.07.01"]
[SourceQuality "1"]

1. d4 Nf6 2. c4 e6 3. g3 c5 4. d5 exd5 5. cxd5 d6 6. Nc3 g6 7. Bg2 Bg7 8. Nf3
O-O 9. O-O Re8 10. Bf4 Nh5 (10... a6 11. a4 Bg4 12. Qd2 Bxf3 (12... Nbd7 13. b3
Ne4 14. Nxe4 Rxe4 $132 {Smejkal-Andersson/1976}) 13. Bxf3 Qc7 14. Rfc1 {
P b4 Sosonko-Smejkal/Biel izt/1976/}) 11. Bg5 Qd7 $5 (11... Qb6 12. Qd2 Na6 13.
h3 f6 14. Be3 f5 15. Rab1 Bd7 16. Bh6 Bh8 17. Ng5 c4 18. e3 Nc5 $36 {
Ivanov-Kapengut/USSR/1977/}) 12. e4 b5 (12... Bxc3 13. bxc3 Rxe4 $44) 13. Re1
b4 14. Na4 {P 15.e5} Na6 15. h3 {P 14.g4 f6 15.e5} Bb7 16. a3 Nf6 (16... bxa3
17. Rxa3 Nb4 $132) (16... f5 17. exf5 Rxe1+ 18. Qxe1 Qxa4 (18... Bxd5 19. Qd1
Bc6 20. axb4 Nxb4 21. fxg6 $16) (18... Re8 19. Qd1 $16) 19. Qe6+ Kh8 20. f6 Bf8
21. g4 $16) 17. Nd2 Nxd5 (17... Bxd5 $2 18. exd5 Rxe1+ 19. Qxe1 Qxa4 20. axb4
Qb5 21. Bf1 $18) 18. exd5 Rxe1+ 19. Qxe1 Qxa4 20. Qe7 $1 Bxb2 (20... Rb8 21.
Ne4 $40 {+-}) 21. Ra2 $1 (21. Re1 bxa3 22. Qxb7 (22. Ne4 a2 23. Nf6+ Kg7) 22...
Rb8 23. Qxa7 (23. Qe7 a2 24. Ne4 a1=Q 25. Rxa1 Qxa1+ 26. Kh2 $10) 23... a2 24.
Bf1 a1=Q 25. Rxa1 Qxa1 26. Qxa6 $16 {Sosonko}) 21... Bd4 $1 (21... bxa3 22.
Qxb7 Rb8 23. Qxa7 c4 24. Bf1 c3 25. Bxa6 cxd2 26. Qxb8+ $18) 22. Qxb7 Rb8 23.
Qc6 $1 $8 (23. Qxa7 b3 24. Nxb3 Qxb3 25. Rd2 Qxg3 26. Rxd4 Rb1+ 27. Rd1 Rxd1#)
23... b3 $1 $8 (23... Qxc6 24. dxc6 b3 25. Nxb3 Rxb3 26. Bd8 Rb8 27. c7 Rc8 28.
Bb7 $18) 24. Qxa4 bxa2 25. Qxa6 a1=Q+ 26. Bf1 Qe1 (26... Qc3 27. Qxd6) 27. Qe2
$18 Qxe2 28. Bxe2 f6 $1 29. Bh6 (29. Bf4 $2 g5 $19) 29... Kf7 30. Nc4 Ke7 (
30... g5 $2 31. Nxd6+ Kg6 32. Bd3+ Kxh6 33. Nf5+) 31. Kg2 Rb3 (31... Rb1 32.
Bd2) 32. Bd2 Rb1 33. Ba5 Rc1 34. Bd2 (34. Bc7 Kd7 35. Bxd6 $2 Rxc4) 34... Ra1
35. Bd3 Kd7 36. h4 {Ph5+-} Ra2 37. Bb1 Ra1 38. Bd3 Rd1 39. h5 $4 (39. Bc2 Ra1
40. h5 $18 gxh5 (40... f5 41. Ba4+ Ke7 (41... Kc7 42. Ba5+ Kb8 43. Nxd6 Rxa3
44. Bc7+ $1) 42. Bg5+ Kf8 (42... Bf6 43. Bf4) 43. Bb3 {P 44. f4+-}) 41. Bxh7 {
<->h5 Sosonko}) 39... Bc3 $1 40. hxg6 (40. Bxg6 Bxd2 41. Bc2 Rc1 42. Bf5+ Ke7
43. Nxd2 h6 $132) 40... hxg6 41. Kf3 (41. Kf3 Rxd2 42. Nxd2 Bxd2 43. Bxg6)
1/2-1/2

[Event "Interpolis-03"]
[Site "Tilburg"]
[Date "1979.11.16"]
[Round "11"]
[White "Sosonko, Gennadi"]
[Black "Timman, Jan H"]
[Result "0-1"]
[WhiteElo "2535"]
[BlackElo "2625"]
[Annotator "Ftacnik,L"]
[PlyCount "78"]
[EventDate "1979.11.01"]
[EventType "tourn"]
[EventRounds "11"]
[EventCountry "NED"]
[EventCategory "15"]
[SourceTitle "MCL"]
[Source "ChessBase"]
[SourceDate "1999.07.01"]
[SourceVersion "1"]
[SourceVersionDate "1999.07.01"]
[SourceQuality "1"]

1. d4 Nf6 2. c4 e6 3. g3 c5 4. d5 exd5 5. cxd5 d6 6. Nc3 g6 7. Bg2 Bg7 8. Nf3
O-O 9. O-O Re8 10. Bf4 Nh5 11. Bg5 Qb6 (11... Qd7 {Sosonko-Smyslov/Tilburg/1977
}) 12. Qd2 Nd7 (12... Bg4 13. h3 (13. Nh4 $5 Na6 $5 (13... Bc8 14. e4 Nd7 15.
Nf3 a6 16. Rac1 Nhf6 $142 $5 17. Rfe1 Ng4 $132) 14. h3 Bc8 $10) 13... Bxf3 14.
Bxf3 Nf6 15. e4 Nbd7 16. Bg2 a6 17. Rac1 Qa5 18. Bf4 b5 19. Rfe1 Qb6 20. b3
Rac8 21. g4 c4 22. b4 Ne5 $36 {Ligterink,G-Psakhis,L/Plovdiv/1983/}) (12... Na6
13. h3 f6 14. Be3 f5 15. Rab1 Bd7 16. Rfd1 Nb4 17. a3 a5 $5 18. Ng5 Nxg3 19.
fxg3 Rxe3 20. Qxe3 Bd4 21. Rxd4 cxd4 (21... Nc2 22. Qe7) 22. Qf2 $18) (12...
Na6 $6 13. h3 f6 14. Be3 (14. Bh6 $5 Bxh6 15. Qxh6 Qxb2 16. Rac1 $44) 14... f5
15. Rab1 Bd7 16. Bh6 c4 $15 {Ivanov-Kapengut/USSR/1977}) 13. h3 a6 (13... Ne5
$2 14. g4 Nc4 15. Qc1 Qxb2 16. Qxb2 Nxb2 17. Nb5 $16) 14. Rac1 Ne5 15. g4 Nf6
$8 (15... Nc4 16. Na4 $16) (15... Nxf3+ 16. Bxf3 Nf6 17. Qf4 $36) 16. Nxe5 Rxe5
17. b3 $5 (17. Na4 Qd8 (17... Qc7 18. Bf4 {/\19.Sc5}) (17... Qb4 18. Qxb4 cxb4
19. Nb6 $18)) (17. Kh1 $1 {/\e4, f4}) 17... Bd7 18. Kh1 Rf8 19. f4 Ree8 20. e4
Kh8 21. e5 (21. Rce1 Ng8 $13) (21. f5 $40 {/\Lh4, g5}) 21... dxe5 22. fxe5 Rxe5
(22... Ng8 $2 23. Bf4 {/\Tce1+-} Bxe5 24. Bxe5+ Rxe5 25. Ne4 $16 {/\26.Sc5, 26.
Db2}) 23. Bf4 (23. Qf4 Ne8) 23... Ree8 24. Qf2 h5 25. Qh4 $6 (25. g5 Nh7 26. d6
Bd4 27. Qg3 $40 {/\28.Sd5} Bc6 28. Nd5 Bxd5 (28... Qd8 29. Rce1 (29. Rxc5 Bxc5
30. Qc3+ {/\31.Dc5~/=})) 29. Bxd5) 25... Kg8 26. Bg5 $2 $19 (26. g5 Nh7 27. Qg3
{/\28.d6, 29.Sd5, 28.Lc7, 29.Ld6, 28.Ld6}) 26... Nh7 27. Be7 g5 $1 28. Bxg5
Nxg5 29. Qxg5 Re5 30. Qf4 hxg4 31. hxg4 {׻} Qg6 {^^} 32. Ne4 (32. Be4) (32. d6
Bxg4 {/\33... Th5-+}) (32. Bf3 Rfe8 {/\33... Lh6-+}) 32... f5 33. Nxc5 fxg4 34.
Qd2 (34. Qxf8+ Bxf8 35. Rxf8+ Kg7 36. Nxd7 Qh6+ $19) 34... Qh5+ 35. Kg1 g3 36.
Rxf8+ Bxf8 37. Nd3 Qh2+ 38. Kf1 Rf5+ 39. Nf4 Bb5+ 0-1

[Event "Olympiad-38"]
[Site "Dresden"]
[Date "2008.11.17"]
[Round "5"]
[White "Sargissian, Gabriel"]
[Black "Stellwagen, Daniel"]
[Result "1-0"]
[WhiteElo "2642"]
[BlackElo "2605"]
[Annotator "Ftacnik,L"]
[PlyCount "73"]
[EventDate "2008.11.13"]
[EventType "team-swiss"]
[EventRounds "11"]
[EventCountry "GER"]
[SourceTitle "CBM 128"]
[Source "ChessBase"]
[SourceDate "2009.01.28"]
[SourceVersion "1"]
[SourceVersionDate "2009.01.28"]
[SourceQuality "1"]
[WhiteTeam "Armenia"]
[BlackTeam "Netherlands"]
[WhiteTeamCountry "ARM"]
[BlackTeamCountry "NED"]

1. d4 Nf6 2. c4 g6 3. Nf3 Bg7 4. g3 O-O 5. Bg2 c5 6. d5 e6 7. Nc3 exd5 8. cxd5
d6 9. O-O Re8 10. Bf4 Na6 11. Re1 Bg4 12. h3 Bxf3 13. Bxf3 Qd7 14. Kg2 {
In Dresden, Sargissian was enjoying the form of his life. After the Olympiad
he counted 9 points out of 11 games and a rating result of 2869 - the best
performance of all the players.} (14. e4 Rad8 15. Kg2 c4 16. Be3 (16. e5 dxe5
17. Rxe5 Nb4 18. Rxe8+ Rxe8 19. Qd2 Nd3 20. a4 h5 21. Be3 a6 {0-1 Cech,P (2360)
-Stocek,J (2450)/Czechia 1999 (33)}) (16. b3 Nh5 17. Bd2 Nc5 18. bxc4 f5 19.
Qc2 fxe4 20. Bxe4 Qf7 21. f4 Nxe4 22. Rxe4 Rxe4 23. Qxe4 Re8 24. Qd3 Bxc3 25.
Bxc3 Qxf4 26. Re1 {1-0 Gleizerov,E (2559)-Stolte,A (2191)/Predeal 2007 (32)})
16... Nb4 17. Bxa7 Nd3 18. Re2 b5 19. Bd4 h5 20. a4 Nh7 21. Nxb5 Ng5 22. Re3
Qxh3+ 23. Kg1 Nxf2 24. Kxf2 Qh2+ 25. Kf1 Bxd4 {0-1 Adorjan,A (2520)-Romanishin,
O (2525)/Debrecen 1990 (47)}) (14. a4 Nb4 15. Kg2 a6 16. Qd2 Qe7 17. e4 Nd7 18.
Be2 Rac8 19. Bg5 Bf6 20. Be3 Bd4 21. Bg4 Bxe3 22. Rxe3 Ne5 {1/2 Gleizerov,E 
(2560)-Lindberg,B (2428)/Stockholm 2007 (47)}) 14... c4 15. Qa4 {The queen
swap has some logic as the d6 and c4 pawns are both vulnerable.} (15. Rc1 Nc5
16. b4 cxb3 17. axb3 $14) 15... Qxa4 16. Nxa4 Ne4 (16... Nb4 17. Red1 (17. Bxd6
Nc2 18. Bc7 b5 19. Nc5 Nxa1 20. Rxa1 Nxd5 21. Bxd5 Rac8 $15) 17... Ne4 18. Bxe4
Rxe4 19. Nc3 Bxc3 20. bxc3 Nc2 21. Rab1 Rxe2 22. Rxb7 $16) 17. Bxe4 Rxe4 18.
Nc3 Ree8 (18... Bxc3 19. bxc3 Nc7 20. f3 Rxf4 (20... Ree8 21. e4 $16) 21. gxf4
Nxd5 22. Kg3 Nxc3 23. Rac1 Nxa2 24. Rxc4 $16) 19. Rac1 (19. Bxd6 $2 Bxc3 20.
bxc3 Rad8 $11) 19... Be5 $6 {Stellwagen is defending under pressure with the
help of a natural move, but the counter attack against d5 was probably better.}
(19... Nc7 $5 20. Bxd6 Bxc3 21. bxc3 Nxd5 22. e4 Re6 23. e5 $14) 20. Nb5 Bxb2 (
20... Nb4 21. Nc7 Nxa2 22. Ra1 Bxf4 23. gxf4 Nb4 24. Nxe8 Rxe8 25. Rxa7 Nd3 26.
exd3 Rxe1 27. dxc4 $16) 21. Rxc4 Be5 22. Bg5 $6 {Even the most successful
player of the Olympiad is only a fallible mortal. Under the influence of the
combination played in the game he avoids the very attractive exchange of the
bishops.} (22. Bxe5 $1 Rxe5 (22... dxe5 23. Rec1 $16) 23. e4 Rd8 24. f4 Ree8
25. Nxa7 $16) 22... Rac8 23. Rec1 Nc5 (23... Rxc4 24. Rxc4 f6 25. Be3 f5 26. f4
Bf6 27. Kf3 Be7 28. Bxa7 $18) 24. f4 (24. Nxa7 Ra8 25. Nb5 Rxa2 26. R1c2 $14)
24... a6 25. fxe5 (25. Na7 Ra8 26. fxe5 Rxe5 27. Bf4 Rxd5 28. e4 Rd3 29. e5
Rxa7 30. exd6 b6 $11) 25... axb5 26. Rxc5 $1 {[%mdl 256] Gabriel was probably
hoping to decide the game with advance of the d-pawn supported by bishop on g5,
but Black can put up a solid resistance.} dxc5 (26... Rxc5 27. Rxc5 dxc5 28. d6
Rxe5 29. d7 Rd5 30. d8=Q+ Rxd8 31. Bxd8 $18) 27. d6 Rf8 (27... Rxe5 $5 28. d7
Ra8 29. d8=Q+ Rxd8 30. Bxd8 Rxe2+ 31. Kf3 Rd2 (31... Rxa2 32. Rxc5 Ra3+ 33. Kf4
h6 34. h4 $18) 32. Bf6 b6 33. Re1 Kf8 34. Bg5 Rd3+ 35. Re3 Rxe3+ 36. Kxe3 $16)
28. Kf3 (28. d7 Rcd8 29. Bxd8 Rxd8 30. Rxc5 Rxd7 31. Rxb5 Rd2 32. Kf3 Rxa2 33.
Rxb7 h5 $14) 28... f6 $2 {The ungrateful task of the defender was playing
games with Stellwagen's stabilty. It was much more efficient to realise the
same idea after the introductory move 28..c4.} (28... c4 29. Ke3 f6 30. Bxf6
Rxf6 31. exf6 Kf7 32. Kd4 Ke6 33. f7 Kxd6 34. Rb1 $14) 29. Bxf6 Kf7 (29...
Rxf6+ 30. exf6 Kf7 31. d7 Rd8 32. Rxc5 Rxd7 33. Rxb5 $16) 30. d7 Rcd8 (30...
Ra8 31. Rd1 Ra3+ 32. e3 $18) 31. Bxd8 Rxd8 32. Rxc5 Rxd7 33. Rxb5 $18 {In this
form the rook endgame is totally lost for Black.} Ke6 34. Kf4 Rd4+ 35. e4 Rd7
36. Rb6+ Ke7 37. h4 1-0